Statistics for Top 50 Superhero Movies of the 2010's

Click here to take the quiz!

General Stats

  • This quiz has been taken 127 times
  • The average score is 31 of 50

Answer Stats

#MovieYear% Correct
2Avengers: Endgame2019
95%
13Avengers: Infinity War2018
94%
31Iron Man 32013
94%
14Marvel's The Avengers2012
94%
35Thor2011
92%
11Captain America: Civil War2016
91%
27Ant-Man2015
90%
34Captain America: The First Avenger2011
90%
21Captain America: The Winter Soldier2014
90%
40Iron Man 22010
89%
33Avengers: Age of Ultron2015
87%
1Black Panther2018
87%
5Thor: Ragnarok2017
87%
4Wonder Woman2017
87%
8Spider-Man: Far from Home2019
85%
9Spider-Man: Homecoming2017
85%
36The Amazing Spider-Man2012
85%
15Guardians of the Galaxy2014
83%
12Ant-Man and the Wasp2018
82%
43Thor: The Dark World2013
82%
18Captain Marvel2019
81%
22Guardians of the Galaxy Vol. 22017
81%
39Aquaman2018
78%
16Doctor Strange2016
76%
47Justice League2017
76%
23The Dark Knight Rises2012
74%
44Man of Steel2013
73%
24Deadpool2016
71%
20Deadpool 22018
67%
6Logan2017
62%
45The Amazing Spider-Man 22014
62%
17X-Men: Days of Future Past2014
56%
3Spider-Man: Into the Spider-Verse2018
54%
41The Wolverine2013
54%
46X-Men: Apocalypse2016
54%
29Joker2019
53%
28X-Men: First Class2011
53%
10Shazam!2019
52%
49Super2011
38%
7Incredibles 22018
29%
38Kick-Ass2010
25%
25Big Hero 62014
24%
19The Lego Batman Movie2017
13%
48Glass2019
12%
26Teen Titans Go! To the Movies2018
9%
42Megamind2010
8%
32Chronicle2012
7%
50The Green Hornet2011
7%
30Captain Underpants: The First Epic Movie2017
5%
37Fast Color2019
3%

Score Distribution

Percentile by Number Answered

Percent of People with Each Score

Your Score History

You have not taken this quiz